02389nab a2200277 i 4500003000900000005001700009008004100026040001800067072000800085100001700093100002000110100001900130100001700149100001900166245013300185500006500318520067500383520067501058650002101733650001801754650001601772773021801788856007002006942001602076999001902092BR-BrBNA20240223095940.0240223b2006 bl.qr|p|oa||| 00| 0 por | aBR-BrBNAbpor aF60 aSilva, N.A.  aOliveira, F.F.  aCosta, L.C.B.  aBizzo, H.R.  aOliveira, R.A. aCaracterização química do óleo essencial da erva cidreira (Lippia alba (Mill.) N. E. Br.) cultivada em Ilhéus na Bahia aPublicação on-line; 11 ref.; 1 table; Summaries (En, Pt) a RESUMO: O óleo essencial da Lippia alba (Mill.) N. E. Br. coletada em Ilhéus (Bahia), nas diferentes estações sazonais, foi extraído por hidrodestilação durante 1 hora, utilizando aparelho Clevenger. O rendimento médio do óleo foi de 0,16%. Vinte e quatro compostos foram identificados pela análise através de CG e CG-EM. O componente majoritário do óleo essencial foi o citral (70,6-79,0%). Em menores quantidades foram identificados linalol (1,7-2,2%), geraniol (0,8-2,9%), nerol (0,5-2,5%) e β-mirceno ( 0,3-2,6%). A melhor produção do óleo foi observado na primavera. Palavras-chave:Óleos essencias, erva cidreira, Lippia alba a ABSTRACT: Chemical characterization of erva cidreira’s essential oil (Lippia alba (Mill.) N. E. Br.) grown in Ilheus, Bahia State, Brazil. The essential oil of Lippia alba (Mill.) N. E. Br. collected in Ilheus was extracted by hydrodistillation for one hour using a Clevenger apparatus. The average yield was 0.16%. Twenty four compounds were identified by GC and GC-MS analysis. Citral was the main components of the oil (70.6-79.0%). Linalool (1.7-2.2%), geraniol (0.8-2.9%), nerol (0.5-2.5%) and β-myrcene (0.3-2.6%) were identified in low percentage. Lippia alba gave a higher yield of oil during spring. Key words: Essencial oils, erva cidreira, Lippia alba aÓLEO ESSENCIAL aERVA CIDREIRA aLIPPIA ALBA0 035439313785dBotucatu-SP Instituto de Biociências - Departamento de Química e Bioquímica 1998o2024-0053tRevista Brasileira de Plantas Medicinais (Brazil)x1516-0572gv. 8(3) p. 52-55; (2006)wBR2024000058 uhttp://www.sbpmed.org.br/admin/files/papers/file_tdlvCWN1VyLO.pdf cAnalítica c298587d298587